000 00374nam a2200145Ia 4500
008 230917s9999||||xx |||||||||||||| ||und||
040 _e110460
_aMAIN
041 _aEnglish
082 _a820.9 I2I
100 _aSree, Prasanna S, ed.
245 0 _aIndian women writing in English: News perspective
260 _aNew Delhi
_bSarup
_c2005
300 _a217 p.
942 _cBK
999 _c130972
_d130972